Loading...
Bullying and students with disabilities : Strategies and techniques to create a safe learning environment for all
"Drawing on extensive studies on bullying in schools, Barry Edwards McNamara provides a research-based overview to understand bullying. Additionally, this book shows how to identify bullies and victims and implement an effective and inclusive bullying prevention program"-- Back cover.
| Main Author: | |
|---|---|
| Format: | Printed Book |
| Published: |
California
Corwin
2013
|
| Subjects: |
| LEADER | 01121cam a2200241 i 4500 | ||
|---|---|---|---|
| 020 | |a 9781452283180 (alk. paper) | ||
| 020 | |a 1452283184 | ||
| 082 | 0 | 4 | |a 371.58 |b MCN/B |
| 100 | 1 | |a McNamara, Barry E., | |
| 245 | 1 | 0 | |a Bullying and students with disabilities : Strategies and techniques to create a safe learning environment for all |
| 260 | |a California |b Corwin |c 2013 | ||
| 300 | |a xii, 133 pages : |b illustrations, portrait ; | ||
| 520 | |a "Drawing on extensive studies on bullying in schools, Barry Edwards McNamara provides a research-based overview to understand bullying. Additionally, this book shows how to identify bullies and victims and implement an effective and inclusive bullying prevention program"-- Back cover. | ||
| 650 | 0 | |a Bullying. | |
| 650 | 0 | |a Children with disabilities. | |
| 650 | 1 | 2 | |a Bullying. |
| 650 | 2 | 2 | |a Disabled Children. |
| 650 | 2 | 2 | |a Schools. |
| 650 | 7 | |a Bullying. | |
| 650 | 7 | |a Children with disabilities. | |
| 942 | |c BK | ||
| 999 | |c 32443 |d 32443 | ||
| 952 | |0 0 |1 0 |4 0 |6 371_580000000000000_MCNB |7 0 |8 Stack |9 34317 |a KUCL |b KUCL |d 2015-06-01 |g 2033.00 |l 0 |o 371.58 MCN/B |p 38802 |r 2015-06-01 |w 2015-06-01 |y BK | ||